|
|
|
|
| LEADER |
00800cam a2200217 7i4500 |
| 001 |
0000033811 |
| 005 |
20160920090000.0 |
| 007 |
##ta |
| 008 |
160920s2016 -us eng |
| 040 |
# |
# |
|a MATR
|
| 090 |
0 |
0 |
|a USA 338.94
|b BUS
|
| 245 |
0 |
0 |
|a 2016 BUSINESS ISSUES AND LEGISLATIVE GUIDE :
|b Agenda for California Prosperity
|c California Chamber of Commerce.
|
| 264 |
# |
1 |
|a Sacremento, California:
|b California Chamber of Commerce,
|c 2016.
|
| 300 |
# |
# |
|a 210 pages:
|b illustrations;
|c 28 cm.
|
| 336 |
# |
# |
|a text
|2 rdacontent
|
| 337 |
# |
# |
|a unmediated
|2 rdamedia
|
| 338 |
# |
# |
|a volume
|2 rdacarrier
|
| 650 |
# |
0 |
|a Industrial policy --
|z United States
|
| 651 |
# |
0 |
|a United States --
|x Economic policy
|
| 710 |
2 |
# |
|a California Chamber of Commerce
|
| 999 |
|
|
|a 0000038045
|b Book
|c Countries
|e Business Information Centre
|